01182 2200361 4500001002100000005001500021035002000036007000300056008004100059020002200100040002200122082001400144084001600158090002200174100003800196245014700234250003400381300003900415650001400454700003900468700003400507700003900541700002900580850001200609504002900621264003200650336002100682337003000703338002300733999002200756990002200778990002000800INLIS00000000088782720240624030712 a0010-0624000729ta240624s2023 yoia g ind d a978-623-02-7329-2 aYOPDYOGbInderda04223a571.5 a571.5 EKA h aCB-D.11 2023-55000 aEka Pramyrtha HestianahePegarang10aHistologi veteriner :bmengenal strukur jaringan hewan /cEka Pramytrtha Hestianah, Suryo Kuncorojakti, Lita Rakhma Yustinasari, Chairul Anwar aCetakan Pertama: Oktober 2023 avi, 159 halaman :bgambar ;c23 cm 4aHistologi0 aEka Pramyrtha HestianahePengarang0 aSuryo KuncorojaktiePengarang0 aLita Rakhma YustinasariePengarang0 aChairul AnwarePengarang aYOPDYOG aBibliografi: halaman 15731aSleman :bDeepublish,c2023 2rdacontentateks 2rdamediaatanpa perantara 2rdacarrieravolume aCB-D.11/2023-5500 aCB-D.11/2023-5500 a72165-PD/A.2024